Banderas provinciales argentinas (Con pistas) - Estadísticas

Estadísticas generales
  • Esta prueba ha sido intentada 17 veces
  • La puntuación promedio es 17 de 24
Estadísticas de respuestas
Imagen Hint Respuesta % Correcto
Al oeste del Paraná Entre Rios
100%
Mucho hielo Tierra del Fuego
100%
Localidad: Azul Buenos Aires
92%
Al oeste de Carmen de Patagones Rio Negro
92%
La bandera lo dice, gil Santa Fe
92%
Devolver a Paraguay ya Formosa
85%
Vino Mendoza
85%
Hielo Santa Cruz
85%
Localidad: Madre de ciudades Santiago del Estero
85%
Localidad: Rio Tercero Córdoba
77%
Selva Misiones
77%
Rejas: 10/10 Salta
77%
Medible en cuadras Tucumán
77%
Vino 2 San Juan
69%
Localidad: Cajón de Ginebra Grande Chubút
62%
Idioma:Argento Ciudad Autónoma de Buenos Aires
62%
Palíndromo Neuquén
62%
Está Londres Catamarca
54%
??? 2 Corrientes
54%
Calor extremo Jujuy
54%
Localidad: Hermoso Campo Chaco
38%
Habitantes: El gobernador y su mujer La Pampa
38%
Nombre de CC.AA. La Rioja
38%
??? San Luis
38%
No se encontraron pruebas coincidentes
Distribución de puntuación
Porcentaje de gente con cada puntuación
Porcentaje por número respondido
Historial de tus puntuaciones
No has intentado esta prueba.